000 00636nam a2200205 a 4500
999 _c1646
_d1646
003 BD-JhCC
005 20171023193244.0
008 171022s2004 bg |||| ||a| 000 0 ben d
035 _a(BD-JhCC)
040 _aBD-JhCC
_dBD-JhCC
041 _aben
082 _a320
_bISL 2004
100 _aইসলাম, নুরুল
245 _aরাজনীতির এপিঠ ওপিঠ /
_cনুরুল ইসলাম
260 _aঢাকা :
_bআগামী প্রকাশনী,
_c২০০৪.
300 _a239 p. :
_c21 cm.
650 _aPolitical And Historical
_zBangladesh
942 _2ddc
_cBK